• 首页
  • 本馆介绍
  • 公告通知
  • 最新文献
  • 馆藏检索
  • 电子资源
  • 读者导购
  • 参考咨询
  • 我的图书馆
  • 登录
  • 详细信息显示
  • 放入我的书架
  • 预约/预借图书
  • 作者相关作品
  • 分类相关作品
  • 丛书相关作品
  • 出版社相关作品

书目信息

  • 表格格式
  • 工作单格式
  • 卡片格式
题名:
生物药物分析与检验
    
 
作者: 吴晓英 , 范一文 , 周世水 编著
分册:  
出版信息: 北京   化学工业出版社  2017.5
页数: 232页
开本: 26cm
丛书名:
单 册:
中图分类: R917 , R392-33
科图分类:
主题词: 生物制品--药物分析--高等学校--教材 , 生物制品--药品检定--高等学校--教材 , 生物制品 , 药物分析 , 药品检定
电子资源:
ISBN: 978-7-122-11348-1
000 01530nam0 2200361 450
001 0400003076
005 20171026101153.26
010    @a978-7-122-11348-1@dCNY30.00
100    @a20171021d2017 em y0chiy ea
101 0  @achi
102    @aCN@b110000
105    @aa z 000yy
106    @ar
200 1  @a生物药物分析与检验@9sheng wu yao wu fen xi yu jian yan@dAnalysis and testing of biological medicines@f吴晓英,范一文,周世水编著@zeng
205    @a第2版
210    @a北京@c化学工业出版社@d2017.5
215    @a232页@c图@d26cm
300    @a生物工程生物技术系列
300    @a普通高等教育“十二五”规划教材
330    @a全书分十一章,绪论述及本学科的性质与任务,并强调生物药物分析与检验的重要性以及在保证生物药物质量中的重要性;第二至第六章论述分析生物药物的若干重要方法(包括酶法、免疫分析法、生物检定法、电泳法、高效液相色谱等)的基本原理、基本理论与基本技术;第七至第十一章着重讨论各类生物药物(包括氨基酸、蛋白与多肽类、酶类、核酸类、糖类、脂类、抗生素、基因工程药物和疫苗等生物制品)的分析检验方法。
510 1  @aAnalysis and testing of biological medicines@zeng
606 0  @a生物制品@x药物分析@x高等学校@j教材
606 0  @a生物制品@x药品检定@x高等学校@j教材
606 0  @a生物制品
606 0  @a药物分析
606 0  @a药品检定
690    @aR917@v4
690    @aR392-33@v4
701  0 @a吴晓英@9wu xiao ying@c(女,@f1961~)@4编著
701  0 @a范一文@9fan yi wen@4编著
701  0 @a周世水@9zhou shi shui@f(1971~)@4编著
801  0 @aCN@b91MARC@c20171021
905    @b1035481-5@dR917@f5@e127=2
    
    生物药物分析与检验=Analysis and testing of biological medicines/吴晓英,范一文,周世水编著.-第2版.-北京:化学工业出版社,2017.5
    232页:图;26cm
    生物工程生物技术系列.-普通高等教育“十二五”规划教材
    
    ISBN 978-7-122-11348-1:CNY30.00
    全书分十一章,绪论述及本学科的性质与任务,并强调生物药物分析与检验的重要性以及在保证生物药物质量中的重要性;第二至第六章论述分析生物药物的若干重要方法(包括酶法、免疫分析法、生物检定法、电泳法、高效液相色谱等)的基本原理、基本理论与基本技术;第七至第十一章着重讨论各类生物药物(包括氨基酸、蛋白与多肽类、酶类、核酸类、糖类、脂类、抗生素、基因工程药物和疫苗等生物制品)的分析检验方法。
●
相关链接 在E读中查询图书 在五车中查询图书 在当当中查询图书 在豆瓣中查询图书


正题名:生物药物分析与检验     索取号:R917/127=2         预约/预借

序号 登录号 条形码 馆藏地/架位号 状态 备注
1 1035481   210354819   第二样本阅览室/ [索取号:R917/127=2] 在馆    
2 1035482   210354828   第三借阅区/ [索取号:R917/127=2] 在馆    
3 1035483   210354837   第三借阅区/ [索取号:R917/127=2] 在馆    
4 1035484   210354846   第三借阅区/ [索取号:R917/127=2] 在馆    
5 1035485   210354855   密集书库-生命科学系/ [索取号:R917/127=2] 在馆    
唐山师范学院图书馆 欢迎您!
大连网信软件有限公司© 版权所有